BUBT Library Online Catalog

Emerson's prose and poetry : (Record no. 6894)

000 -LEADER
fixed length control field 00949nam a22002537a 4500
003 - CONTROL NUMBER IDENTIFIER
control field BUBTL
008 - FIXED-LENGTH DATA ELEMENTS--GENERAL INFORMATION
fixed length control field 230102b ||||| |||| 00| 0 eng d
020 ## - INTERNATIONAL STANDARD BOOK NUMBER
International Standard Book Number 9780393967920
082 ## - DEWEY DECIMAL CLASSIFICATION NUMBER
Classification number 814.3/ Em33e/ 2001
100 ## - MAIN ENTRY--PERSONAL NAME
9 (RLIN) 5129
Personal name Emerson, Ralph Waldo
245 ## - TITLE STATEMENT
Title Emerson's prose and poetry :
Remainder of title authoritative texts, contexts, criticism /
Statement of responsibility, etc. Ralph Waldo Emerson, Joel Porte, Saundra Morris
250 ## - EDITION STATEMENT
Edition statement 1st Edn.
260 ## - PUBLICATION, DISTRIBUTION, ETC. (IMPRINT)
Place of publication, distribution, etc. New York:
Name of publisher, distributor, etc. W. W. Norton & Company,
Date of publication, distribution, etc. c2001
300 ## - PHYSICAL DESCRIPTION
Extent xvi, 800 p.:
Dimensions 25 cm.
440 ## - SERIES STATEMENT/ADDED ENTRY--TITLE
9 (RLIN) 4237
Title A Norton Critical Edition
500 ## - GENERAL NOTE
General note Includes Index
505 ## - FORMATTED CONTENTS NOTE
Formatted contents note Emerson's prose and poetry, authoritative texts, contexts, criticism, Ralph Waldo Emerson, Joel Porte, Saundra Morris, English Literature, English
650 #0 - SUBJECT ADDED ENTRY--TOPICAL TERM
9 (RLIN) 1994
Topical term or geographic name as entry element English Literature
700 ## - ADDED ENTRY--PERSONAL NAME
9 (RLIN) 5130
Personal name Porte, Joel
700 ## - ADDED ENTRY--PERSONAL NAME
9 (RLIN) 5131
Personal name Morris, Saundra
856 ## - ELECTRONIC LOCATION AND ACCESS
Password 0
Logon 0
Link text Download
942 ## - ADDED ENTRY ELEMENTS (KOHA)
Source of classification or shelving scheme
Koha item type Books
Holdings
Withdrawn status Lost status Source of classification or shelving scheme Damaged status Not for loan Collection code Permanent location Current location Shelving location Date acquired Inventory number Total Checkouts Full call number Barcode Date last seen Copy number Price effective from Koha item type
        Not For Loan Fiction Bangladesh University of Business and Technology Library Bangladesh University of Business and Technology Library English Literature Stacks 11/03/2022 28896   814.3/ Em33e/ 2001 BUBTL-200328896 01/02/2023 C-1 01/02/2023 Books

More Information About Library

Library Hours

  • Open: 9.00 am. to 9.00 pm.
  • Only Sunday: 9.00 am. to 6.00 pm.
  • Closed: Holiday

Contact to the University

Bangladesh University of Business and Technology Library

  • Mirpurl-2, 1216.
  • Phone:
  • Fax:
  • E-Mail: admin.library@bubt.edu.bd

Contact to the Library

Contact Person:

Md. Abdul Hakim Shah
Joint Librarian
PABX No:  113
Cell No: 01816332931
E-mail: official: admin.library@bubt.edu.bd
Personal: hakim.shah@bubt.edu.bd


BUBT Library

Copyright © 2021